Central Library OPAC University of Rajshahi

Marketing research : (Record no. 61552)

MARC details
000 -LEADER
fixed length control field 00855nam a2200277 a 4500
001 - CONTROL NUMBER
control field 61552
003 - CONTROL NUMBER IDENTIFIER
rucl marc code BD-RjUL
005 - DATE AND TIME OF LATEST TRANSACTION
control field 20211209080957.0
008 - FIXED-LENGTH DATA ELEMENTS--GENERAL INFORMATION
fixed length control field 170119s2011 enk 001 0 eng d
020 ## - INTERNATIONAL STANDARD BOOK NUMBER
International Standard Book Number 9788131731819
035 ## - SYSTEM CONTROL NUMBER
System control number (BD-RjUL)61676
040 ## - CATALOGING SOURCE
Original cataloging agency BD-RjUL
Language of cataloging eng
Transcribing agency BD-RjUL
Modifying agency BD-RjUL
041 ## - LANGUAGE CODE
Language code of text/sound track or separate title eng
082 ## - DEWEY DECIMAL CLASSIFICATION NUMBER
Classification number 658.83
Edition number 23
Author mark and year MAM 2012
100 ## - MAIN ENTRY--PERSONAL NAME
Personal name Malhotra Naresh K
9 (RLIN) 183407
245 10 - TITLE STATEMENT
Title Marketing research :
Remainder of title an applied orientation /
Statement of responsibility, etc. Naresh K Malhotra; Satyabhusan Dash
250 ## - EDITION STATEMENT
Edition statement 6th ed.
260 ## - PUBLICATION, DISTRIBUTION, ETC. (IMPRINT)
Place of publication, distribution, etc. London :
Name of publisher, distributor, etc. Dryden Press,
Date of publication, distribution, etc. c2011 [impression 2012]
300 ## - PHYSICAL DESCRIPTION
Pagination xii, 224 p ;
Size 24 cm
500 ## - GENERAL NOTE
General note Include index
650 #0 - SUBJECT ADDED ENTRY--TOPICAL TERM
Topical term or geographic name as entry element Marketing research
General subdivision Statistical methods
9 (RLIN) 183408
Topical term or geographic name as entry element Marketing research
General subdivision Data processing
9 (RLIN) 183409
700 ## - ADDED ENTRY--PERSONAL NAME
Personal name Satyabhusan Dash
942 ## - ADDED ENTRY ELEMENTS (KOHA)
Source of classification or shelving scheme Dewey Decimal Classification
Koha item type Books
Holdings
Lost status Source of classification or shelving scheme Damaged status Not for loan Collection code Permanent Location Current Location Shelving location Date acquired Source of acquisition Cost, normal purchase price Total Checkouts Full call number Date last seen Copy number Koha item type
  Dewey Decimal Classification   Not For Loan Non-fiction Central Library, University of Rajshahi Central Library, University of Rajshahi Reading Room 23/06/2013 Dhaka, Ahsania mission book dis. house 705.00   658.83 MAM 2012 19/01/2017 C-1 Books